000 00534nam a2200169 i 4500
001 104735
003 ES-MaACL
005 20230906183657.0
007 t|
008 051212s1973 sp ||||1| cat d
100 1 _aMiracle, José.
_981470
245 1 0 _aJosep Miraclé i la seva obra /
_cJosé Miracle, Delfí Escola, Tomás Roig i Llop, Josep Porter...
260 _aTarrega :
_bF. Camps Calmet,
_c1973.
300 _a273 p., 2 lám., 4 h. ;
_c22 cm.
700 1 _aEscola, Delfí.
_947590
852 _aES-MaACL
_jC-53877
_bR.86788
999 _c104735
_d104735